Statistics for Anagram Challenge #7

Click here to take the quiz!

General Stats

  • This quiz has been taken 65 times
  • The average score is 18 of 30

Answer Stats

Hint Answer % Correct
Sandy hillDune
94%
Make muffins, eg.Bake
93%
In one's birthday suitNude
93%
Bird's snoutBeak
89%
Fast planesJets
89%
Joke around, banterJest
85%
Private instructorTutor
80%
Nun's titleSister
80%
Freshwater fishTrout
76%
Slightly wetMoist
74%
Stave off, withstandResist
72%
Killing of one's fatherPatricide
72%
Possibility, choiceOption
70%
Magical mixture, elixirPotion
70%
Leaves outOmits
70%
Straw roofs, eg.Thatches
61%
Small axesHatchets
61%
Highest US courtSupreme
54%
Show to be falseDisprove
52%
Gives, cares forProvides
50%
Exerciser's goalFitness
48%
Gives evidence in courtTestifies
48%
Most spirited, spunkyFeistiest
39%
Overruns (like termites)Infests
37%
Sexual culminationsClimaxes
31%
Shouts out, cries outExclaims
31%
Danced like ElvisGyrated
30%
Hamlet or Macbeth, eg.Tragedy
30%
Re. the care of childrenPediatric
30%
Take for grantedPresume
28%

Score Distribution

Percentile by Number Answered

Percent of People with Each Score

Your Score History

You have not taken this quiz